000 00447nam a22001697a 4500
003 CEME
005 20210628210618.0
008 210210b xxu||||| |||| 00| 0 eng d
020 _a0-13-898917-6
040 _c.
082 _a510 CAL
100 _a Calter, Paul
_956228
245 _aTechnical mathematics annotated instructor's edition
260 _aENGLEWOOD CLIFFS
_bPRENTICE HALL
_c1995
650 _aMATHEMATICS
_912773
942 _cBK
_2ddc
999 _c585132
_d585132